Responses for Show #6847 - Tuesday, May 27, 2014

Julia Collins game 17.

Contestants

[<< previous game]

Dylan Gaillard, a dentist from Omaha, Nebraska

Jeanne Kaiser, a law professor from Springfield, Massachusetts

Julia Collins, a supply chain professional from Kenilworth, Illinois (whose 16-day cash winnings total $337,700)

[next game >>]

Jeopardy! Round responses

BARBARA WALTERS
(Alex: A whole category devoted to this woman who has had an amazing career.)
MOVIES INSPIRED BY LITERATURE
LUCKY 13
THOSE ARE MY INITIALS, TOO
THE PENTAGON
"STR"8 TALK
(Alex: Those 3 letters will begin each correct response; each correct response will consist of 8 letters.)
    $200 16
The View

Julia
    $200 6
The Canterbury Tales

Julia
    $200 11
a bar mitzvah

Julia
    $200 1
B.F.

Julia
    $200 23
World War II

Dylan
    $200 19
a stroller

Jeanne
    $400 17
Nixon

Jeanne
    $3,200 7
The Scarlet Letter

Julia
    $400 12
Grand Slam (a major accepted)

Dylan
    $400 2
A.A.

Julia
    $400 24
the Potomac

Jeanne
    $400 20
to straddle

Dylan
    $600 18
(Jeanne: What is Good Morning America?)

(the) Today (show)

JeanneDylan
    $600 8
Faust

Jeanne
    $600 13
Goosebumps

Dylan
    $600 3
(Jeanne: What is W.E.?)

W.E.B.

JuliaJeanne
    $600 26
the Joint Chiefs of Staff

Julia
    $600 21
struggle

Triple Stumper
    $800 29
Castro

Jeanne
    $800 9
Emma

Julia
    $800 14
New York

Julia
    $800 4
F.W.

Julia
    $800 27
(Dylan: Who are firefighters?)

ages

JuliaDylan
    $800 22
stringer

Julia
    $1000 30
Anwar Sadat & Menachem Begin

Triple Stumper
    $1000 10
Shampoo

Julia
    $1000 15
the Articles of Confederation

Julia
    $1000 5
[Applause for Julia's run of the category]

H.L.

Julia
    $1000 28
the "E" ring

Triple Stumper
    $1000 25
streusel

Julia

Scores at the first commercial break (after clue 15):

Julia Jeanne Dylan
$10,200 $0 $1,000

Scores at the end of the Jeopardy! Round:

Julia Jeanne Dylan
$13,600 $1,200 $1,400

Double Jeopardy! Round responses

PLASTIC
VISA
MASTER CARD
AMERICAN EXPRESS
DISCOVER
DINERS CLUB
    $400 26
Legos

Dylan
    $400 1
(Julia: What is Ho Chi Minh City?)
(Jeanne: What is Saigon?)

Hanoi

JuliaJeanne
Triple Stumper
    $400 21
Robert Downey, Jr.

Dylan
    $400 16
a dining car

Julia
    $400 6
Troy

Julia
    $400 11
(Dylan: What is carotene?)
(Alex: More specific.)
(Dylan: [*]?)

beta-carotene

Dylan
    $800 27
I.V. bags

Dylan
    $800 2
Bolivia

Dylan
    $800 22
a weatherman

Dylan
    $800 17
Chicago

Julia
    $800 7
helium

Julia
    $800 12
curry

Triple Stumper
    $1200 28
the Hula Hoop

Julia
    $1200 3
(Jeanne: What is Iraq?)

Afghanistan

JeanneDylan
    $1200 23
Danny Kaye

Triple Stumper
    $1200 18
the Acela

Julia
    $4,000 8
a Neanderthal

Julia
    $1200 13
phyllo dough

Julia
    $1600 29
[The end-of-round signal sounds.]

PVC

Dylan
    $3,400 4
(Dylan: Um... religious purposes?)
(Alex: Give me--more.)
(Dylan: [Pause] I don't know.)
(Alex: What is [*], going to Mecca you'll fly--you'll fly into Jiddah, and then you travel to Medina and to Mecca for the pilgrimage.)

the Hajj

Dylan
    $1600 24
Planes, Trains and Automobiles

Julia
    $1600 19
a zephyr

Julia
    $1600 9
(Jeanne: What is vitamin D?)

vitamin K

Jeanne
Triple Stumper
    $1600 14
jalapeƱos

Triple Stumper
    $2000 5
Algeria

Triple Stumper
    $2000 25
BASEketball

Julia
    $2000 20
Promontory

Dylan
    $2000 10
(Julia: Who is Hubble?)
(Dylan: Who is Mohr's?)
...
(Alex: and the belts
are named for him. The [*] belts. James [*].)

Van Allen

JuliaDylan
Triple Stumper
    $2000 15
okra

Julia

Scores at the end of the Double Jeopardy! Round:

Julia Jeanne Dylan
$28,400 -$2,000 $4,400
(lock game)

[wagering suggestions for these scores]

Final Jeopardy! Round responses

20th CENTURY PLAY TITLES
(Dylan: It's a joke for my kids.)
(Alex: Ah, that's good. Do they like broccoli?)
(Dylan: No.)
(Alex: Oh, dear.)
[Laughter]
...
(Alex: [To Julia] [*], that was made into My Fair Lady as a musical.)
...
(Alex: Will she hit--the obvious question--will she hit the $400,000 level tomorrow? Tune in and find out.)
DylanWhat is Broccoli
$10
JuliaWhat is Pygmalion?
$6,600
Pygmalion

Final scores:

Julia Jeanne Dylan
$35,000 -$2,000 $4,390
17-day champion: $372,700 3rd place: $1,000 2nd place: $2,000

Game dynamics:

Coryat scores:

Julia Jeanne Dylan
$22,800 -$2,000 $7,800
29 R
(including 2 DDs),
2 W
5 R,
5 W
14 R,
3 W
(including 1 DD)

Combined Coryat: $28,600

[game clues] [game scores] [suggest correction]

Game tape date: 2014-02-11
The J! Archive is created by fans, for fans. Scraping, republication, monetization, and malicious use prohibited; this site may use cookies and collect identifying information. See terms. The Jeopardy! game show and all elements thereof, including but not limited to copyright and trademark thereto, are the property of Jeopardy Productions, Inc. and are protected under law. This website is not affiliated with, sponsored by, or operated by Jeopardy Productions, Inc. Join the discussion at JBoard.tv.